Países que contienen la letra V - Estadísticas

Estadísticas generales
  • Esta prueba ha sido intentada 33 veces
    28 desde el último reinicio
  • La puntuación promedio es 10 de 17
Estadísticas de respuestas
País % Correcto
Venezuela
95%
Vanuatu
89%
Vietnam
89%
Bolivia
79%
Nueva Zelanda
79%
Tuvalu
68%
Eslovaquia
63%
Eslovenia
63%
Moldavia
63%
Cabo Verde
58%
Ciudad del Vaticano
58%
Bosnia y Herzegovina
53%
Papúa Nueva Guinea
53%
San Vicente
47%
El Salvador
42%
San Cristóbal y Nieves
37%
Kosovo
11%
No se encontraron pruebas coincidentes
Distribución de puntuación
Porcentaje de gente con cada puntuación
Porcentaje por número respondido
Historial de tus puntuaciones
No has intentado esta prueba desde el último reinicio